[Event "4NCL/Div3/AMCAD vs. BCA"]
[Site "Daventry ENG"]
[Date "2009.05.03"]
[Round "10.2"]
[White "Ross, Chris"]
[Black "Norman, Kenneth I"]
[Result "1/2-1/2"]
[WhiteElo "2195"]
[BlackElo "2174"]
[PlyCount "81"]
[EventDate "2009.05.03"]
[EventCountry "ENG"]
[SourceDate "2008.10.04"]

1. e4 e5 2. Nf3 Nc6 3. Bb5 Nf6 4. O-O d6 5. d4 Bd7 6. Nc3 exd4 7. Nxd4 Be7 8.
b3 Nxd4 9. Bxd7+ Nxd7 10. Qxd4 Bf6 11. Qd2 O-O 12. Bb2 Re8 13. Rad1 Nc5 14. f3
Re6 15. Ba3 Bxc3 16. Qxc3 Nd7 17. Rf2 Rc8 18. Qd4 b6 19. c4 a5 20. Bb2 f6 21.
Qd5 Qe8 22. a3 Qf7 23. b4 axb4 24. axb4 c6 25. Qd4 c5 26. bxc5 Nxc5 27. Bc1 f5
28. exf5 Qxf5 29. Qd5 Qf7 30. Ra2 Nb3 31. Ra8 Rxa8 32. Qxa8+ Re8 33. Qc6 Na5
34. Qxb6 Nxc4 35. Qd4 Qe6 36. Bf4 Rd8 37. h3 d5 38. Ra1 Rd7 39. Ra8+ Kf7 40.
Qc5 Qb6 41. Rf8+ 1/2-1/2

[Event "4NCL/Div3/AMCAD vs. BCA"]
[Site "Daventry ENG"]
[Date "2009.05.03"]
[Round "10.3"]
[White "Purdon, Colin"]
[Black "Lilley, Graham"]
[Result "1-0"]
[WhiteElo "2096"]
[BlackElo "2097"]
[PlyCount "67"]
[EventDate "2009.05.03"]
[EventCountry "ENG"]
[SourceDate "2008.10.04"]

1. d4 Nf6 2. c4 g6 3. Nc3 Bg7 4. e4 d6 5. Nf3 O-O 6. Be2 e5 7. d5 Na6 8. h3 Nc5
9. Qc2 a5 10. Bg5 h6 11. Be3 b6 12. Nd2 Bd7 13. b3 c6 14. O-O cxd5 15. cxd5 Qb8
16. Rac1 Rc8 17. a4 Ne8 18. Qb1 f5 19. Bb5 Bxb5 20. Nxb5 f4 21. Bxc5 bxc5 22.
Nc4 Bf8 23. Qd3 Rd8 24. Qd2 Nc7 25. Nxa5 Nxb5 26. Nc6 Qb6 27. axb5 Rd7 28. Qe2
Rb7 29. Ra1 Rxa1 30. Rxa1 Qxb5 31. Qg4 Kh7 32. Ra8 Bg7 33. Qe6 h5 34. Ne7 1-0

[Event "4NCL/Div3/AMCAD vs. BCA"]
[Site "Daventry ENG"]
[Date "2009.05.03"]
[Round "10.4"]
[White "Armstrong, William G"]
[Black "Bonafont, Philip"]
[Result "0-1"]
[WhiteElo "1978"]
[BlackElo "2097"]
[PlyCount "74"]
[EventDate "2009.05.03"]
[EventCountry "ENG"]
[SourceDate "2008.10.04"]

1. d4 d5 2. Nf3 Nf6 3. e3 e6 4. Bd3 c5 5. b3 Nc6 6. O-O Bd6 7. Bb2 O-O 8. Nbd2
b6 9. a3 Bb7 10. Ne5 Ne7 11. Qe2 Ng6 12. f4 Ne4 13. c4 Nxd2 14. Qxd2 Qe7 15.
dxc5 bxc5 16. Nf3 Rfd8 17. Bxg6 hxg6 18. Qf2 Ba6 19. Rac1 Rab8 20. Rc3 Bc7 21.
Ne5 Bxe5 22. fxe5 dxc4 23. bxc4 Rd7 24. Bc1 Qg5 25. Qf4 Qd8 26. Qe4 Rb6 27. a4
Bb7 28. Qf4 Rb1 29. e4 Qe7 30. Qg4 Rd4 31. Bg5 Rxf1+ 32. Kxf1 Qd7 33. Rb3 Rxe4
34. Rxb7 Qxb7 35. Qd1 Rd4 36. Qe2 Qb1+ 37. Kf2 Qf5+ 0-1

[Event "4NCL/Div3/AMCAD vs. BCA"]
[Site "Daventry ENG"]
[Date "2009.05.03"]
[Round "10.5"]
[White "Duvall, Ian"]
[Black "Cole, Tristram C"]
[Result "1/2-1/2"]
[WhiteElo "2057"]
[BlackElo "1970"]
[PlyCount "50"]
[EventDate "2009.05.03"]
[EventCountry "ENG"]
[SourceDate "2008.10.04"]

1. d4 e6 2. c4 d5 3. Nc3 Nf6 4. Bg5 Be7 5. Nf3 O-O 6. e3 h6 7. Bh4 Ne4 8. Bg3
Nxc3 9. bxc3 b6 10. Bd3 dxc4 11. Bxc4 Bb7 12. O-O Nd7 13. Re1 Nf6 14. Ne5 Ne4
15. Nxf7 Kxf7 16. Qh5+ g6 17. Qxh6 Rh8 18. Qf4+ Bf6 19. Qg4 Bd5 20. Bd3 Nxg3
21. Bxg6+ Ke7 22. Qxg3 Bh4 23. Qe5 Bf6 24. Qg3 Bh4 25. Qe5 Bf6 1/2-1/2

[Event "4NCL/Div3/AMCAD vs. BCA"]
[Site "Daventry ENG"]
[Date "2009.05.03"]
[Round "10.6"]
[White "Hilton, Steve"]
[Black "Hart, David"]
[Result "1-0"]
[WhiteElo "1897"]
[BlackElo "2029"]
[PlyCount "61"]
[EventDate "2009.05.03"]
[EventCountry "ENG"]
[SourceDate "2008.10.04"]

1. d4 Nf6 2. c4 e6 3. Nf3 b6 4. e3 Bb7 5. Bd3 Ne4 6. O-O f5 7. b3 Be7 8. Bb2
O-O 9. Nc3 d6 10. Nd2 Nxc3 11. Bxc3 Nd7 12. e4 f4 13. b4 e5 14. Qb3 exd4 15.
Bxd4 Kh8 16. Nf3 Bf6 17. Rad1 Bxd4 18. Nxd4 Qf6 19. Bb1 Ne5 20. f3 Qf7 21. Rc1
Ba6 22. b5 Bc8 23. a4 a5 24. Ba2 Be6 25. Qc2 Bd7 26. c5 Qg6 27. c6 Be8 28. Ne6
Rf7 29. Qb3 Re7 30. Nxf4 Qf7 31. Nd5 1-0

[Event "4NCL/Div3/WRO2 vs. HACK"]
[Site "Daventry ENG"]
[Date "2009.05.03"]
[Round "10.1"]
[White "Arnott, Jonathan W"]
[Black "Chin, Francis"]
[Result "1/2-1/2"]
[WhiteElo "2119"]
[BlackElo "2235"]
[PlyCount "53"]
[EventDate "2009.05.03"]
[EventCountry "ENG"]
[SourceDate "2008.10.04"]

1. a3 Nf6 2. d4 d5 3. Nf3 Bf5 4. c3 c6 5. Bf4 e6 6. e3 Nbd7 7. Bd3 Bg6 8. O-O
Be7 9. h3 Ne4 10. Qc2 O-O 11. Nbd2 f5 12. Ne5 Nxe5 13. Bxe5 Bd6 14. Bxd6 Qxd6
15. Nf3 Rf6 16. Ne5 Raf8 17. f4 Be8 18. b4 Rh6 19. Rf3 Nf6 20. g4 fxg4 21. hxg4
Nd7 22. g5 Rh5 23. Qg2 Nxe5 24. dxe5 Qe7 25. Rh3 Bg6 26. Rxh5 Bxh5 27. Qh3
1/2-1/2

[Event "4NCL/Div3/WRO2 vs. HACK"]
[Site "Daventry ENG"]
[Date "2009.05.03"]
[Round "10.2"]
[White "Ociepka, Adrian"]
[Black "Shaw, Peter"]
[Result "1-0"]
[WhiteElo "2119"]
[BlackElo "2126"]
[PlyCount "109"]
[EventDate "2009.05.03"]
[EventCountry "ENG"]
[SourceDate "2008.10.04"]

1. e4 e6 2. d4 d5 3. Nc3 Nf6 4. Bg5 Bb4 5. e5 h6 6. Bd2 Bxc3 7. bxc3 Ne4 8. Qg4
g6 9. Bd3 Nxd2 10. Kxd2 c5 11. h4 Nc6 12. Rh3 Bd7 13. Rf3 Qa5 14. Ne2 cxd4 15.
Qf4 dxc3+ 16. Kd1 O-O-O 17. Nd4 Nxd4 18. Qxd4 Rhf8 19. Rb1 Kb8 20. Rb4 Rc8 21.
a4 Qc5 22. Qxc5 Rxc5 23. Bxg6 a5 24. Rbf4 Rg8 25. Rxf7 Rxg6 26. Rxd7 Rxg2 27.
Rf8+ Ka7 28. Rff7 Rg1+ 29. Ke2 Rb1 30. f4 Rc4 31. Rd6 Rd4 32. Rxe6 Rd2+ 33. Ke3
d4+ 34. Ke4 Re1+ 35. Kf5 d3 36. Ree7 Rb1 37. cxd3 c2 38. Rc7 c1=Q 39. Rxc1 Rxc1
40. Rd7 Rcd1 41. e6 Re2 42. Kf6 Kb6 43. f5 Rf1 44. d4 Re4 45. h5 Kc6 46. d5+
Kc5 47. e7 Rfe1 48. Kf7 Rxa4 49. d6 Rae4 50. Rd8 a4 51. f6 a3 52. d7 a2 53. Ra8
a1=Q 54. Rxa1 Rxa1 55. d8=Q 1-0

[Event "4NCL/Div3/WRO2 vs. HACK"]
[Site "Daventry ENG"]
[Date "2009.05.03"]
[Round "10.3"]
[White "Lewyk, Ihor"]
[Black "Walker, Nicolas P"]
[Result "1/2-1/2"]
[WhiteElo "2152"]
[BlackElo "2105"]
[PlyCount "102"]
[EventDate "2009.05.03"]
[EventCountry "ENG"]
[SourceDate "2008.10.04"]

1. Nf3 Nf6 2. d4 d5 3. e3 Bg4 4. c4 c6 5. Qb3 Qb6 6. Ne5 Qxb3 7. axb3 Nbd7 8.
Nxg4 Nxg4 9. Nc3 e6 10. e4 e5 11. exd5 exd4 12. dxc6 bxc6 13. Ne4 f5 14. Nd2
O-O-O 15. Be2 Re8 16. Kf1 Bc5 17. Bxg4 fxg4 18. h3 d3 19. f3 Rhf8 20. hxg4 Nf6
21. Ra5 Bb4 22. Rxa7 Kb8 23. Ra4 Bxd2 24. Bxd2 Ne4 25. Be1 d2 26. Bxd2 Nxd2+
27. Kf2 Ne4+ 28. Kg1 Ng5 29. Kf2 Ne4+ 30. Kg1 Nf6 31. Kh2 Kb7 32. Kg3 h6 33.
Rha1 Ra8 34. Rxa8 Rxa8 35. Rxa8 Kxa8 36. b4 g5 37. Kf2 Kb7 38. Ke3 Kc7 39. Kd4
Kd6 40. b3 Nd7 41. Ke4 Ke6 42. Kd4 Ne5 43. Kc5 Kd7 44. b5 Nd3+ 45. Kd4 Ne1 46.
bxc6+ Kxc6 47. Ke5 Nxg2 48. Kf6 Nh4 49. Kg7 Nxf3 50. Kxh6 Kc5 51. Kg6 Kd4
1/2-1/2

[Event "4NCL/Div3/WRO2 vs. HACK"]
[Site "Daventry ENG"]
[Date "2009.05.03"]
[Round "10.4"]
[White "Tasker, Michael W"]
[Black "Faulkes, Nick"]
[Result "1/2-1/2"]
[WhiteElo "2080"]
[BlackElo "2085"]
[PlyCount "60"]
[EventDate "2009.05.03"]
[EventCountry "ENG"]
[SourceDate "2008.10.04"]

1. Nf3 c5 2. c4 Nf6 3. Nc3 e6 4. g3 b6 5. Bg2 Bb7 6. O-O Be7 7. d4 cxd4 8. Qxd4
d6 9. b3 a6 10. Ba3 Nc6 11. Qd2 Qc7 12. Rac1 Ne5 13. Nxe5 Bxg2 14. Kxg2 dxe5
15. Bxe7 Kxe7 16. Na4 Rab8 17. Qb4+ Qd6 18. Qxd6+ Kxd6 19. Rfd1+ Kc7 20. c5 b5
21. Nc3 Rhd8 22. e4 Rd4 23. Kf1 Rbd8 24. Rxd4 exd4 25. e5 Ng4 26. Ne4 Nxe5 27.
Nd6 f6 28. Ke2 Nc6 29. a3 e5 30. f4 Kd7 1/2-1/2

[Event "4NCL/Div3/WRO2 vs. HACK"]
[Site "Daventry ENG"]
[Date "2009.05.03"]
[Round "10.5"]
[White "Webb, Matthew"]
[Black "Lee, Martin"]
[Result "1-0"]
[WhiteElo "2035"]
[BlackElo "2050"]
[PlyCount "29"]
[EventDate "2009.05.03"]
[EventCountry "ENG"]
[SourceDate "2008.10.04"]

1. e4 e6 2. d4 d5 3. Nc3 Bb4 4. Qd3 dxe4 5. Qxe4 Nf6 6. Qh4 Nc6 7. Nf3 Nd5 8.
Bg5 Qd6 9. Bd2 Nce7 10. Bd3 Bd7 11. O-O O-O-O 12. Ne4 Qb6 13. c3 Bd6 14. c4 Nb4
15. c5 1-0

[Event "4NCL/Div3/WRO2 vs. HACK"]
[Site "Daventry ENG"]
[Date "2009.05.03"]
[Round "10.6"]
[White "Vives, Pepe"]
[Black "Whitaker, Thomas R"]
[Result "1/2-1/2"]
[WhiteElo "1840"]
[BlackElo "1995"]
[PlyCount "60"]
[EventDate "2009.05.03"]
[EventCountry "ENG"]
[SourceDate "2008.10.04"]

1. e4 c5 2. Nf3 Nc6 3. d4 cxd4 4. Nxd4 g6 5. Be3 Nf6 6. f3 Bg7 7. Nc3 O-O 8.
Bc4 Qb6 9. Bb3 Nxe4 10. Nd5 Qa5+ 11. c3 Nf6 12. Nxc6 dxc6 13. Nxe7+ Kh8 14.
Nxc8 Raxc8 15. O-O Rfe8 16. Re1 Rcd8 17. Bd4 Rxe1+ 18. Qxe1 Nd5 19. Qf2 Bxd4
20. Qxd4+ Kg8 21. Rd1 Rd7 22. Re1 Rd8 23. Rd1 Rd7 24. Re1 Rd8 25. Qe5 Qc5+ 26.
Kf1 b5 27. g3 Qd6 28. Qxd6 Rxd6 29. Re8+ Kg7 30. Ke2 Rd7 1/2-1/2

[Event "4NCL/Div3/PPA2 vs. LIT1"]
[Site "Daventry ENG"]
[Date "2009.05.03"]
[Round "10.1"]
[White "Goodger, Martyn"]
[Black "Gormally, Daniel W"]
[Result "0-1"]
[WhiteElo "2156"]
[BlackElo "2487"]
[PlyCount "80"]
[EventDate "2009.05.03"]
[EventCountry "ENG"]
[SourceDate "2008.10.04"]

1. e4 c5 2. c3 Nf6 3. e5 Nd5 4. Bc4 Nb6 5. Bb3 c4 6. Bc2 Qc7 7. Nf3 Nc6 8. Qe2
g5 9. h3 Bg7 10. O-O Nxe5 11. Nxg5 h6 12. Nf3 d5 13. Re1 Nxf3+ 14. Qxf3 e5 15.
d4 cxd3 16. Bxd3 Be6 17. Qg3 Bf6 18. Bb5+ Ke7 19. Nd2 Rag8 20. Qh2 a6 21. Bf1
Kd8 22. c4 d4 23. b3 Rg7 24. Ba3 Nd7 25. Ne4 Be7 26. Bxe7+ Kxe7 27. Nd2 f6 28.
g3 h5 29. h4 Nc5 30. Kh1 Qa5 31. Ne4 Nxe4 32. Rxe4 f5 33. Ree1 e4 34. Bh3 Rd8
35. Qg1 Qe5 36. Red1 f4 37. Bxe6 Kxe6 38. Kh2 Rdg8 39. Qf1 fxg3+ 40. fxg3 Qxg3+
0-1

[Event "4NCL/Div3/PPA2 vs. LIT1"]
[Site "Daventry ENG"]
[Date "2009.05.03"]
[Round "10.2"]
[White "Sugden, John N"]
[Black "Kemp, Paul R"]
[Result "1/2-1/2"]
[WhiteElo "2227"]
[BlackElo "2102"]
[PlyCount "61"]
[EventDate "2009.05.03"]
[EventCountry "ENG"]
[SourceDate "2008.10.04"]

1. e4 c6 2. d4 d5 3. e5 c5 4. dxc5 e6 5. Be3 Nh6 6. Bd3 Nd7 7. Nf3 Bxc5 8. Bxc5
Nxc5 9. Nbd2 Nxd3+ 10. cxd3 Qb6 11. Qb3 Qxb3 12. Nxb3 b6 13. h3 Ba6 14. Kd2 Rc8
15. a4 Kd7 16. Nbd4 f6 17. Rhe1 Rhe8 18. a5 Ra8 19. b4 Nf7 20. b5 Bb7 21. a6
Bc8 22. Nc6 fxe5 23. Nfxe5+ Nxe5 24. Nxe5+ Kd6 25. Rac1 Bd7 26. Nxd7 Kxd7 27.
d4 Rac8 28. f4 Rf8 29. Rxc8 Rxc8 30. Rc1 Rxc1 31. Kxc1 1/2-1/2

[Event "4NCL/Div3/PPA2 vs. LIT1"]
[Site "Daventry ENG"]
[Date "2009.05.03"]
[Round "10.3"]
[White "Doci, Stefan"]
[Black "Jackson, James P"]
[Result "1/2-1/2"]
[WhiteElo "2064"]
[BlackElo "2106"]
[PlyCount "119"]
[EventDate "2009.05.03"]
[EventCountry "ENG"]
[SourceDate "2008.10.04"]

1. e4 c5 2. Nf3 Nc6 3. d4 cxd4 4. Nxd4 Nf6 5. Nc3 e5 6. Nxc6 bxc6 7. Bg5 Bb4 8.
Bc4 h6 9. Bxf6 Bxc3+ 10. bxc3 Qxf6 11. Rb1 O-O 12. O-O d6 13. Qd3 Rd8 14. Rfd1
Qe7 15. h3 Be6 16. Bxe6 Qxe6 17. c4 Rd7 18. Qb3 Rc8 19. Rd3 f5 20. exf5 Qxf5
21. Rbd1 Qe6 22. Qb4 Rcd8 23. Ra3 Qf5 24. Rad3 d5 25. Qc5 e4 26. Ra3 Qf8 27.
Ra5 Qxc5 28. Rxc5 Rd6 29. cxd5 Rxd5 30. Rdxd5 cxd5 31. c3 Rd7 32. Kf1 Kf7 33.
Ke2 Ke6 34. Ke3 Ke5 35. c4 g5 36. Ra5 a6 37. cxd5 Rd6 38. Ra4 Rxd5 39. Rxa6
Rd3+ 40. Ke2 Rc3 41. Kd2 Rd3+ 42. Ke2 Rc3 43. a4 Ra3 44. Rxh6 Rxa4 45. g3 Ra2+
46. Kf1 e3 47. fxe3 Ke4 48. Rf6 Kxe3 49. g4 Rh2 50. Rf5 Rxh3 51. Kg2 Rh8 52.
Rxg5 Kf4 53. Rg7 Ra8 54. Kh3 Rh8+ 55. Kg2 Ra8 56. g5 Kf5 57. Kg3 Ra1 58. Kh4
Rh1+ 59. Kg3 Rg1+ 60. Kf3 1/2-1/2

[Event "4NCL/Div3/PPA2 vs. LIT1"]
[Site "Daventry ENG"]
[Date "2009.05.03"]
[Round "10.4"]
[White "Mansson, James C"]
[Black "McCorry, Robert T"]
[Result "0-1"]
[WhiteElo "2150"]
[BlackElo "2045"]
[PlyCount "80"]
[EventDate "2009.05.03"]
[EventCountry "ENG"]
[SourceDate "2008.10.04"]

1. Nf3 Nf6 2. c4 Nc6 3. d4 e6 4. a3 d5 5. Nc3 Be7 6. Bg5 h6 7. Bh4 Ne4 8. Bxe7
Qxe7 9. Rc1 O-O 10. e3 Nxc3 11. Rxc3 Rd8 12. cxd5 exd5 13. Bd3 Rd6 14. h3 Rf6
15. O-O Bf5 16. Bxf5 Rxf5 17. b4 a6 18. Ne1 Re8 19. Nd3 Qh4 20. Nc5 Nd8 21. a4
Rg5 22. Kh2 Rg6 23. Qf3 c6 24. g3 Qe7 25. b5 axb5 26. axb5 Rf6 27. Qg2 Ne6 28.
bxc6 bxc6 29. Rfc1 Nxc5 30. Rxc5 Qb7 31. R1c2 Ra8 32. Qf1 Ra6 33. Kg2 Rb6 34.
Qd3 g6 35. Qa3 Kg7 36. Ra5 Rb3 37. Qa2 Rb1 38. Ra6 Qb5 39. Re2 Qd3 40. f3 Qd1
0-1

[Event "4NCL/Div3/PPA2 vs. LIT1"]
[Site "Daventry ENG"]
[Date "2009.05.03"]
[Round "10.5"]
[White "Winfridsson, Ola"]
[Black "Compton, Alistair"]
[Result "1-0"]
[WhiteElo "2122"]
[BlackElo "2097"]
[PlyCount "127"]
[EventDate "2009.05.03"]
[EventCountry "ENG"]
[SourceDate "2008.10.04"]

1. d4 e6 2. c4 d5 3. Nc3 c5 4. Nf3 Nc6 5. cxd5 exd5 6. Bg5 Be7 7. Bxe7 Ngxe7 8.
dxc5 d4 9. Ne4 O-O 10. e3 Bf5 11. Ng3 dxe3 12. Qxd8 exf2+ 13. Kxf2 Raxd8 14.
Bc4 Bg4 15. Rhd1 Bxf3 16. gxf3 Ne5 17. Bf1 f5 18. Rac1 Nd5 19. Bc4 Nxc4 20.
Rxc4 Ne3 21. Rxd8 Nxc4 22. Rxf8+ Kxf8 23. Nxf5 Nxb2 24. Ke3 Nc4+ 25. Kd4 Na5
26. Kd5 Nc6 27. Kd6 g6 28. Ne3 Nd4 29. f4 Kf7 30. Kc7 Ne6+ 31. Kxb7 Nxc5+ 32.
Kxa7 Kf6 33. Kb6 Na4+ 34. Kc6 h6 35. a3 g5 36. Kb5 Nb2 37. fxg5+ Kxg5 38. Nc4
Nd1 39. Kb4 Nf2 40. a4 Nd3+ 41. Kb5 Nf4 42. a5 Nd5 43. Kc5 Nc7 44. Kd6 Na6 45.
Ke5 Kg4 46. Nd2 Kh3 47. Nf1 h5 48. Kf4 h4 49. Kf3 Nc5 50. Kf2 Nd3+ 51. Kg1 Nc5
52. Ne3 Na6 53. Nd5 Kg4 54. Kg2 Kf5 55. Kh3 Ke5 56. Nb6 Kd4 57. Kxh4 Kc5 58.
Kg5 Kb5 59. h4 Kxa5 60. h5 Nc5 61. h6 Ne6+ 62. Kf6 Nf8 63. Kf7 Nh7 64. Nd7 1-0

[Event "4NCL/Div3/PPA2 vs. LIT1"]
[Site "Daventry ENG"]
[Date "2009.05.03"]
[Round "10.6"]
[White "Jones, Christopher M"]
[Black "Judkins, Brian"]
[Result "1-0"]
[WhiteElo "1950"]
[BlackElo "1895"]
[PlyCount "115"]
[EventDate "2009.05.03"]
[EventCountry "ENG"]
[SourceDate "2008.10.04"]

1. d4 Nf6 2. Nf3 c5 3. e3 e6 4. Bd3 Nc6 5. b3 Be7 6. O-O b6 7. a3 Bb7 8. Bb2 d6
9. c4 Qc7 10. Nc3 a6 11. d5 Nd8 12. e4 e5 13. Ne2 Bc8 14. Nd2 Bd7 15. b4 Rb8
16. bxc5 bxc5 17. Bc3 O-O 18. Bc2 Nb7 19. Ba4 Rfc8 20. Ng3 g6 21. Bxd7 Qxd7 22.
Rb1 Ne8 23. Qc2 Bd8 24. f4 f6 25. Rf3 Ng7 26. fxe5 fxe5 27. Rbf1 Be7 28. R1f2
Rf8 29. Rxf8+ Rxf8 30. Rxf8+ Kxf8 31. Nf3 Bd8 32. Bd2 Kg8 33. Nf1 Nh5 34. Ng5
Ng7 35. Qb3 Bxg5 36. Bxg5 Qc7 37. Bd2 Nd8 38. Qa4 Qb7 39. Ba5 Nf7 40. Qc6 Qb8
41. Qxa6 Nh5 42. Qb5 Qc8 43. Qb3 Nf4 44. Ng3 Kg7 45. Bd2 Ng5 46. h4 Nf7 47. a4
Qd8 48. a5 Qa8 49. Qc3 Kg8 50. Bxf4 exf4 51. Ne2 Ne5 52. Nxf4 Qb7 53. Qa1 Nxc4
54. a6 Qa7 55. Qa4 Ne5 56. Qe8+ Kg7 57. Ne6+ Kf6 58. Qh8+ 1-0

[Event "4NCL/Div3/CAMB2 vs. GLOSG"]
[Site "Daventry ENG"]
[Date "2009.05.03"]
[Round "10.1"]
[White "Cooley, Oliver"]
[Black "Hosken, Nigel"]
[Result "1-0"]
[WhiteElo "2134"]
[BlackElo "2090"]
[PlyCount "49"]
[EventDate "2009.05.03"]
[EventCountry "ENG"]
[SourceDate "2008.10.04"]

1. e4 c5 2. Nf3 e6 3. d4 cxd4 4. Nxd4 Nc6 5. Nc3 Qc7 6. Be2 a6 7. Be3 Nf6 8. f4
Bb4 9. Bf3 d5 10. e5 Nd7 11. O-O O-O 12. Nce2 Re8 13. c3 Bf8 14. Qc2 Nb6 15. b3
Bd7 16. Bh5 g6 17. Rf3 Nc8 18. Rg3 N8e7 19. Bg4 Kh8 20. h4 Nxd4 21. Bxd4 Bb5
22. h5 Bxe2 23. hxg6 Bxg4 24. gxf7 Bf5 25. Qxf5 1-0

[Event "4NCL/Div3/CAMB2 vs. GLOSG"]
[Site "Daventry ENG"]
[Date "2009.05.03"]
[Round "10.2"]
[White "Lambourne, Daniel M"]
[Black "Pickard, Charles"]
[Result "1/2-1/2"]
[WhiteElo "2004"]
[BlackElo "2197"]
[PlyCount "46"]
[EventDate "2009.05.03"]
[EventCountry "ENG"]
[SourceDate "2008.10.04"]

1. c4 c5 2. Nf3 Nc6 3. Nc3 g6 4. d3 Bg7 5. Bd2 e5 6. e4 d6 7. Bg5 f6 8. Bd2 h5
9. h4 Bh6 10. Be2 Kf7 11. Nd5 a5 12. a3 Be6 13. Ne3 Qd7 14. g3 Rb8 15. a4 b6
16. Nc2 Ke7 17. Bxh6 Nxh6 18. Qd2 Rbf8 19. Nh2 Kd8 20. b3 f5 21. f3 Qe7 22.
O-O-O f4 23. Rdg1 Rhg8 1/2-1/2

[Event "4NCL/Div3/CAMB2 vs. GLOSG"]
[Site "Daventry ENG"]
[Date "2009.05.03"]
[Round "10.3"]
[White "Chan, Nevil"]
[Black "Taylor, Geoffrey P"]
[Result "1/2-1/2"]
[WhiteElo "2095"]
[BlackElo "2017"]
[PlyCount "91"]
[EventDate "2009.05.03"]
[EventCountry "ENG"]
[SourceDate "2008.10.04"]

1. d4 d5 2. Nc3 Nf6 3. Bg5 c5 4. Bxf6 gxf6 5. e3 cxd4 6. exd4 Nc6 7. Qh5 e6 8.
Nge2 Bd7 9. g3 a6 10. Bg2 Ne7 11. O-O Bg7 12. Rfd1 Rc8 13. Nf4 Kf8 14. Qf3 b5
15. a3 Ng6 16. Nd3 Rc7 17. Nc5 Bc8 18. b4 h5 19. h4 Ne7 20. Qe2 Nf5 21. Bf3 Qd6
22. Rd3 Nxg3 23. fxg3 Qxg3+ 24. Kh1 Qxh4+ 25. Qh2 Qxh2+ 26. Kxh2 Bh6 27. Ne2 h4
28. Bg2 f5 29. c3 f6 30. Rf1 Rg7 31. Bh3 Rhg8 32. Rdf3 Ke7 33. Rg1 Bg5 34. Rg2
Kd6 35. a4 bxa4 36. Nxa4 Bd7 37. Nc5 Bb5 38. Rgf2 Rc8 39. Nf4 Re7 40. Ra2 Bc4
41. Ra1 e5 42. Ng6 Rg7 43. Bxf5 e4 44. Rh3 Rcg8 45. Nxh4 Bxh4 46. Rxh4 1/2-1/2

[Event "4NCL/Div3/CAMB2 vs. GLOSG"]
[Site "Daventry ENG"]
[Date "2009.05.03"]
[Round "10.4"]
[White "Martin, Peter"]
[Black "Spencer, Carl"]
[Result "1/2-1/2"]
[WhiteElo "2055"]
[BlackElo "2136"]
[PlyCount "56"]
[EventDate "2009.05.03"]
[EventCountry "ENG"]
[SourceDate "2008.10.04"]

1. d4 e6 2. Nf3 c5 3. e3 Nf6 4. Bd3 Nc6 5. c3 d5 6. Nbd2 Bd6 7. O-O O-O 8. Re1
e5 9. dxe5 Nxe5 10. Nxe5 Bxe5 11. e4 Bg4 12. f3 Bh5 13. exd5 Qc7 14. Nf1 Rfd8
15. Bg5 c4 16. Be4 Nxe4 17. Rxe4 f6 18. Qe2 b5 19. Rxe5 fxe5 20. Bxd8 Rxd8 21.
Ne3 e4 22. g4 exf3 23. Qxf3 Rf8 24. Qg2 Bg6 25. Re1 Qc5 26. Qg3 Rd8 27. Qf2 Rf8
28. Qd2 Bd3 1/2-1/2

[Event "4NCL/Div3/CAMB2 vs. GLOSG"]
[Site "Daventry ENG"]
[Date "2009.05.03"]
[Round "10.5"]
[White "Lee, Richard"]
[Black "Waterfield, John"]
[Result "1/2-1/2"]
[WhiteElo "1985"]
[BlackElo "2030"]
[PlyCount "80"]
[EventDate "2009.05.03"]
[EventCountry "ENG"]
[SourceDate "2008.10.04"]

1. d4 Nf6 2. c4 c5 3. e3 g6 4. Nf3 Bg7 5. Nc3 O-O 6. Be2 cxd4 7. Nxd4 d5 8.
cxd5 Nxd5 9. Nxd5 Qxd5 10. Bf3 Qd7 11. O-O e5 12. Nb3 Qe7 13. Qd5 Nc6 14. Qc5
Rd8 15. Bxc6 Qxc5 16. Nxc5 bxc6 17. e4 Bf8 18. Be3 Bxc5 19. Bxc5 Be6 20. b3 a5
21. Rfc1 a4 22. bxa4 Rxa4 23. a3 Rxe4 24. a4 Ra8 25. a5 Rc4 26. Bb6 Rxc1+ 27.
Rxc1 Bd5 28. f3 f6 29. Kf2 Kf7 30. Ke3 Ke6 31. Kd3 Kd6 32. Ke3 Ke6 33. Kd3 Kd6
34. Bc5+ Kd7 35. Ra1 Ra6 36. Ke3 Ke6 37. Bb6 Bc4 38. Rc1 Bd5 39. Ra1 Bc4 40.
Rc1 Bb5 1/2-1/2

[Event "4NCL/Div3/CAMB2 vs. GLOSG"]
[Site "Daventry ENG"]
[Date "2009.05.03"]
[Round "10.6"]
[White "Dodwell, Phil"]
[Black "Gooding, Ian"]
[Result "1/2-1/2"]
[WhiteElo "2005"]
[BlackElo "2011"]
[PlyCount "55"]
[EventDate "2009.05.03"]
[EventCountry "ENG"]
[SourceDate "2008.10.04"]

1. e4 e6 2. d4 d5 3. e5 c5 4. c3 Nc6 5. Nf3 Bd7 6. Be2 Nge7 7. Na3 Ng6 8. Nc2
Be7 9. g3 O-O 10. h4 cxd4 11. cxd4 f6 12. h5 Nh8 13. Bf4 Nf7 14. Bd3 fxe5 15.
dxe5 Qb6 16. O-O Be8 17. Kg2 Rc8 18. Qe2 Nb4 19. Nxb4 Qxb4 20. Rad1 Kh8 21. Rh1
Nd8 22. Qd2 Qxd2 23. Rxd2 Nc6 24. a3 h6 25. Rdd1 a5 26. Rc1 Bf7 27. Be3 Bg8 28.
Rhe1 1/2-1/2

[Event "4NCL/Div3/GUI4 vs. KJCAK"]
[Site "Daventry ENG"]
[Date "2009.05.03"]
[Round "10.1"]
[White "Adair, James"]
[Black "Jones, William"]
[Result "1/2-1/2"]
[WhiteElo "2098"]
[BlackElo "2025"]
[PlyCount "115"]
[EventDate "2009.05.03"]
[EventCountry "ENG"]
[SourceDate "2008.10.04"]

1. e4 c5 2. Nf3 d6 3. d4 cxd4 4. Nxd4 Nf6 5. Nc3 a6 6. Be2 e5 7. Nb3 Be7 8. O-O
O-O 9. Be3 Be6 10. Qd2 b5 11. a4 b4 12. Nd5 Nxe4 13. Nxe7+ Qxe7 14. Qxb4 f5 15.
Na5 Qd7 16. Rfd1 d5 17. f4 exf4 18. Bxf4 Nc6 19. Nxc6 Qxc6 20. c3 Ra7 21. Rab1
g5 22. Be3 Raf7 23. Qb6 Qxb6 24. Bxb6 f4 25. h3 Ng3 26. Bf3 Rd7 27. Re1 Bf7 28.
Re5 h6 29. Rd1 Re8 30. Rxe8+ Bxe8 31. Bxd5+ Bf7 32. Bxf7+ Rxf7 33. Rd8+ Kh7 34.
Bd4 Re7 35. Kf2 Re2+ 36. Kf3 Rxb2 37. Rd7+ Kg8 38. Ra7 Nf5 39. Rxa6 Nh4+ 40.
Kg4 Rxg2+ 41. Kh5 Kf7 42. Rxh6 Nf3 43. Rh7+ Ke6 44. Bb6 Rg3 45. Kg6 Ne5+ 46.
Kg7 Rxc3 47. Rh6+ Kd5 48. a5 Nd7 49. Rh5 Nxb6 50. Rxg5+ Ke4 51. axb6 Rb3 52.
Rg6 Rxh3 53. Kf7 Rb3 54. Ke7 f3 55. Kd7 f2 56. Re6+ Kd5 57. Rf6 Rxb6 58. Rf5+
1/2-1/2

[Event "4NCL/Div3/GUI4 vs. KJCAK"]
[Site "Daventry ENG"]
[Date "2009.05.03"]
[Round "10.2"]
[White "Jones, Victor"]
[Black "Shepley, Julien M"]
[Result "1-0"]
[WhiteElo "2005"]
[BlackElo "2069"]
[PlyCount "67"]
[EventDate "2009.05.03"]
[EventCountry "ENG"]
[SourceDate "2008.10.04"]

1. e4 d6 2. c4 Nf6 3. Nc3 c6 4. g3 g6 5. Bg2 Bg7 6. Nf3 Na6 7. d4 Bg4 8. h3
Bxf3 9. Bxf3 Nd7 10. O-O Qb6 11. Be3 O-O 12. Rb1 Qa5 13. a3 Nc7 14. Be2 b5 15.
cxb5 Nxb5 16. Bxb5 cxb5 17. Nd5 e6 18. Ne7+ Kh8 19. Rc1 Rfe8 20. Nc6 Qa6 21.
Rc3 Nb6 22. b3 Rac8 23. Qd3 d5 24. e5 Qb7 25. Rfc1 Nc4 26. bxc4 bxc4 27. Na5
Qa6 28. Nxc4 dxc4 29. Rxc4 Rcd8 30. Bg5 Rd5 31. Qf3 Kg8 32. Rc7 Rf8 33. Be7 Re8
34. Bd6 1-0

[Event "4NCL/Div3/GUI4 vs. KJCAK"]
[Site "Daventry ENG"]
[Date "2009.05.03"]
[Round "10.3"]
[White "Punnett, Alan K"]
[Black "Bayliss, Lyall C P"]
[Result "1-0"]
[WhiteElo "2103"]
[BlackElo "1971"]
[PlyCount "49"]
[EventDate "2009.05.03"]
[EventCountry "ENG"]
[SourceDate "2008.10.04"]

1. d4 Nf6 2. c4 g6 3. Nc3 d5 4. cxd5 Nxd5 5. e4 Nxc3 6. bxc3 Bg7 7. Bc4 c5 8.
Ne2 Nc6 9. Be3 O-O 10. O-O Na5 11. Bd3 c4 12. Bc2 b5 13. Rb1 Bd7 14. Qd2 Nb7
15. Bh6 Qa5 16. Bxg7 Kxg7 17. f4 f5 18. exf5 Bxf5 19. Bxf5 Rxf5 20. Qe3 Qc7 21.
Ng3 Rd5 22. f5 Rf8 23. fxg6 Rxf1+ 24. Rxf1 hxg6 25. Qe6 1-0